000 00631nam a2200121Ia 4500
008 220615s9999||||xx |||||||||||||| ||und||
100 _aRoss, Malcolm||Pawley, Andrew||Osmond, Meredith
245 4 _aThe Lexicon of Proto Oceanic
_bThe culture and environment of ancestral Oceanic society: 2 The physical environment
546 _aEnglish[eng]
650 _aoceania||ethnology||customs||social life||proto oceanic language||Proto-Oceanic language||Reef||SES S.A.||Tide
856 _uhttps://library.oapen.org/bitstream/20.500.12657/33697/1/459357.pdf||https://library.oapen.org/bitstream/20.500.12657/33697/1/459357.pdf
942 _cEB
999 _c10851
_d10851